[Event "George Trundle Reserves 2016"]
[Site "Auckland"]
[Date "2016.07.13"]
[Round "5.1"]
[White "Song, Kate"]
[Black "Yan, Caroline"]
[Result "1-0"]
[LiveChessVersion "1.4.8"]
[BlackElo "1743"]
[WhiteElo "1695"]

1. e4 {[%clk 1:30:58]} e6 {[%clk 1:30:56]} 2. d4 {[%clk 1:31:24]} d5
{[%clk 1:31:22]} 3. e5 {[%clk 1:31:52]} c5 {[%clk 1:31:47]} 4. c3
{[%clk 1:32:19]} Nc6 {[%clk 1:32:14]} 5. Nf3 {[%clk 1:32:45]} Bd7
{[%clk 1:32:38]} 6. a3 {[%clk 1:32:55]} a6 {[%clk 1:32:51]} 7. Be2
{[%clk 1:33:07]} cxd4 {[%clk 1:31:48]} 8. cxd4 {[%clk 1:33:27]} Rc8
{[%clk 1:31:51]} 9. O-O {[%clk 1:33:37]} b5 {[%clk 1:27:04]} 10. b4
{[%clk 1:33:35]} Qb6 {[%clk 1:27:05]} 11. Nc3 {[%clk 1:33:34]} Nge7
{[%clk 1:26:24]} 12. Be3 {[%clk 1:32:16]} Na7 {[%clk 1:22:24]} 13. Rc1
{[%clk 1:31:37]} Nec6 {[%clk 1:21:45]} 14. Qb3 {[%clk 1:30:35]} a5
{[%clk 1:20:09]} 15. Na2 {[%clk 1:30:09]} Be7 {[%clk 1:12:58]} 16. h3
{[%clk 1:30:05]} O-O {[%clk 1:01:25]} 17. Qb2 {[%clk 1:28:55]} Nb8
{[%clk 1:00:42]} 18. Bd2 {[%clk 1:27:39]} a4 {[%clk 0:58:52]} 19. Be3
{[%clk 1:27:27]} Rxc1 {[%clk 0:53:33]} 20. Rxc1 {[%clk 1:27:50]} Rc8
{[%clk 0:53:44]} 21. Bd3 {[%clk 1:26:18]} Rxc1+ {[%clk 0:47:49]} 22. Qxc1
{[%clk 1:25:53]} Qc6 {[%clk 0:48:06]} 23. Qc3 {[%clk 1:25:26]} Qxc3
{[%clk 0:48:08]} 24. Nxc3 {[%clk 1:25:52]} Bc6 {[%clk 0:48:27]} 25. Nd2
{[%clk 1:25:19]} Nd7 {[%clk 0:48:12]} 26. f4 {[%clk 1:25:37]} Nb6
{[%clk 0:47:59]} 27. g3 {[%clk 1:25:42]} Nc4 {[%clk 0:47:11]} 28. Nxc4
{[%clk 1:25:50]} dxc4 {[%clk 0:47:28]} 29. Be4 {[%clk 1:25:47]} Bxe4
{[%clk 0:46:54]} 30. Nxe4 {[%clk 1:26:06]} Nc8 {[%clk 0:47:12]} 31. Nc3
{[%clk 1:26:28]} Nb6 {[%clk 0:22:09]} 32. Nxb5 {[%clk 1:25:40]} Kf8
{[%clk 0:22:00]} 33. Kf2 {[%clk 1:25:35]} Ke8 {[%clk 0:20:01]} 34. Kf3
{[%clk 1:24:14]} Nd5 {[%clk 0:16:16]} 35. Bd2 {[%clk 1:24:06]} Kd7
{[%clk 0:14:52]} 36. Nc3 {[%clk 1:23:37]} Nxc3 {[%clk 0:13:29]} 37. Bxc3
{[%clk 1:24:02]} Kc6 {[%clk 0:13:48]} 38. Ke4 {[%clk 1:24:19]} h6
{[%clk 0:09:06]} 39. h4 {[%clk 1:23:25]} g6 {[%clk 0:04:20]} 40. Be1
{[%clk 1:53:28]} Bd8 {[%clk 0:32:16]} 41. g4 {[%clk 1:52:57]} Be7
{[%clk 0:25:49]} 42. h5 {[%clk 1:47:49]} g5 {[%clk 0:23:37]} 43. Bd2
{[%clk 1:47:44]} f6 {[%clk 0:17:10]} 44. exf6 {[%clk 1:46:41]} Bxf6
{[%clk 0:17:33]} 45. fxg5 {[%clk 1:47:01]} hxg5 {[%clk 0:17:56]} 46. h6
{[%clk 1:47:21]} Kb5 {[%clk 0:15:20]} 47. h7 {[%clk 1:47:34]} c3 {[%clk 0:15:25]}
48. Bxc3 {[%clk 1:47:59]} Kc4 {[%clk 0:15:51]} 49. Bb2 {[%clk 1:48:18]} Bg7
{[%clk 0:15:39]} 50. b5 {[%clk 1:46:30]} Kxb5 {[%clk 0:15:27]} 51. Kd3
{[%clk 1:46:50]} Kc6 {[%clk 0:14:53]} 52. Bc1 {[%clk 1:47:12]} Kd7
{[%clk 0:15:03]} 53. Bxg5 {[%clk 1:47:36]} Ke8 {[%clk 0:15:25]} 54. Bf4
{[%clk 1:47:15]} Kf7 {[%clk 0:15:33]} 55. Be5 {[%clk 1:47:19]} Bxe5
{[%clk 0:15:50]} 56. dxe5 {[%clk 1:47:45]} Kg7 {[%clk 0:16:16]} 57. Kd4
{[%clk 1:48:05]} Kxh7 {[%clk 0:16:35]} 58. Kc5 {[%clk 1:48:27]} Kg6
{[%clk 0:16:27]} 59. Kd6 1-0

[Event "George Trundle Reserves 2016"]
[Site "Auckland"]
[Date "2016.07.13"]
[Round "5.2"]
[White "Eade, Don"]
[Black "Hair, Philip I"]
[Result "0-1"]
[LiveChessVersion "1.4.8"]
[BlackElo "1907"]
[WhiteElo "1837"]

1. d4 {[%clk 1:26:54]} Nf6 {[%clk 1:30:48]} 2. c4 {[%clk 1:27:08]} d6
{[%clk 1:31:13]} 3. Nf3 {[%clk 1:27:12]} c6 {[%clk 1:31:33]} 4. Nc3
{[%clk 1:27:02]} Bg4 {[%clk 1:27:52]} 5. e4 {[%clk 1:25:47]} Nbd7
{[%clk 1:27:33]} 6. Be2 {[%clk 1:25:35]} e5 {[%clk 1:26:21]} 7. O-O
{[%clk 1:24:15]} Be7 {[%clk 1:26:44]} 8. Be3 {[%clk 1:20:30]} a5 {[%clk 1:15:28]}
9. Qc2 {[%clk 1:15:54]} O-O {[%clk 1:15:17]} 10. Rad1 {[%clk 1:15:41]} Qc7
{[%clk 1:15:01]} 11. h3 {[%clk 1:15:11]} Bh5 {[%clk 0:59:59]} 12. Nh4
{[%clk 1:09:23]} Bxe2 {[%clk 0:35:19]} 13. Qxe2 {[%clk 1:06:49]} g6
{[%clk 0:17:16]} 14. Bg5 {[%clk 1:02:24]} Rfe8 {[%clk 0:15:31]} 15. dxe5
{[%clk 0:58:16]} dxe5 {[%clk 0:15:40]} 16. f4 {[%clk 0:57:56]} Qb6+
{[%clk 0:07:36]} 17. Kh2 {[%clk 0:56:17]} exf4 {[%clk 0:07:07]} 18. Rxf4
{[%clk 0:55:28]} Nd5 {[%clk 0:06:57]} 19. Nxd5 {[%clk 0:54:26]} cxd5
{[%clk 0:07:13]} 20. Bxe7 {[%clk 0:49:25]} Rxe7 {[%clk 0:07:37]} 21. cxd5
{[%clk 0:45:08]} Qd6 {[%clk 0:08:02]} 22. g3 {[%clk 0:45:07]} Nf6
{[%clk 0:05:01]} 23. Qd3 {[%clk 0:31:13]} Rae8 {[%clk 0:04:39]} 24. Re1
{[%clk 0:25:31]} Nh5 {[%clk 0:04:48]} 25. Rf2 {[%clk 0:24:27]} Rxe4
{[%clk 0:04:14]} 26. Rxe4 {[%clk 0:19:59]} Rxe4 {[%clk 0:04:39]} 27. Ng2
{[%clk 0:18:56]} Re5 {[%clk 0:03:57]} 28. Ne3 {[%clk 0:11:43]} Nxg3
{[%clk 0:03:08]} 29. Ng4 {[%clk 0:07:35]} Ne4 {[%clk 0:02:40]} 30. Rf4
{[%clk 0:01:09]} Rf5 {[%clk 0:02:16]} 31. Nh6+ {[%clk 0:01:26]} Kf8
{[%clk 0:02:19]} 32. Nxf5 {[%clk 0:01:43]} Qxf4+ {[%clk 0:02:42]} 33. Ng3
{[%clk 0:01:52]} Qf2+ {[%clk 0:03:05]} 0-1

[Event "George Trundle Reserves 2016"]
[Site "Auckland"]
[Date "2016.07.13"]
[Round "5.3"]
[White "Taylor, Richard"]
[Black "Jia, Hao"]
[Result "0-1"]
[LiveChessVersion "1.4.8"]
[BlackElo "1930"]
[WhiteElo "1866"]

1. e4 {[%clk 1:30:57]} c5 {[%clk 1:30:49]} 2. Nf3 {[%clk 1:31:22]} d6
{[%clk 1:30:27]} 3. d4 {[%clk 1:31:22]} cxd4 {[%clk 1:30:47]} 4. Nxd4
{[%clk 1:31:46]} Nf6 {[%clk 1:31:08]} 5. Nc3 {[%clk 1:32:08]} a6 {[%clk 1:31:29]}
6. Bg5 {[%clk 1:29:39]} Nbd7 {[%clk 1:30:09]} 7. Be2 {[%clk 1:28:47]} e6
{[%clk 1:30:07]} 8. O-O {[%clk 1:28:58]} Be7 {[%clk 1:29:37]} 9. Qd2
{[%clk 1:26:34]} O-O {[%clk 1:29:13]} 10. Be3 {[%clk 1:24:08]} b5
{[%clk 1:27:33]} 11. a3 {[%clk 1:24:20]} Bb7 {[%clk 1:27:45]} 12. f3
{[%clk 1:23:34]} Qc7 {[%clk 1:26:13]} 13. g4 {[%clk 1:22:46]} Ne5
{[%clk 1:14:04]} 14. g5 {[%clk 1:19:36]} Nfd7 {[%clk 1:13:37]} 15. f4
{[%clk 1:18:42]} Nc4 {[%clk 1:13:35]} 16. Bxc4 {[%clk 1:17:16]} Qxc4
{[%clk 1:11:33]} 17. f5 {[%clk 1:11:03]} Rac8 {[%clk 0:58:59]} 18. Qg2
{[%clk 0:55:23]} e5 {[%clk 0:54:15]} 19. Nde2 {[%clk 0:53:10]} d5
{[%clk 0:52:30]} 20. b3 {[%clk 0:50:28]} Qc7 {[%clk 0:52:06]} 21. g6
{[%clk 0:41:57]} fxg6 {[%clk 0:48:17]} 22. fxg6 {[%clk 0:35:54]} Bc5
{[%clk 0:45:53]} 23. Bxc5 {[%clk 0:34:02]} Qxc5+ {[%clk 0:40:46]} 24. Kh1
{[%clk 0:33:16]} h6 {[%clk 0:38:19]} 25. Nxd5 {[%clk 0:12:40]} Bxd5
{[%clk 0:35:43]} 26. exd5 {[%clk 0:11:37]} Nf6 {[%clk 0:35:05]} 27. c4
{[%clk 0:09:12]} bxc4 {[%clk 0:33:46]} 28. bxc4 {[%clk 0:09:40]} Qxc4
{[%clk 0:33:42]} 29. d6 {[%clk 0:09:47]} Qc6 {[%clk 0:32:28]} 30. Qxc6
{[%clk 0:09:47]} Rxc6 {[%clk 0:32:47]} 31. Rf5 {[%clk 0:09:38]} Rxd6
{[%clk 0:31:47]} 32. Rxe5 {[%clk 0:09:53]} Ng4 {[%clk 0:31:59]} 33. Re7
{[%clk 0:09:16]} Rxg6 {[%clk 0:31:40]} 34. Ng3 {[%clk 0:09:38]} Rf2
{[%clk 0:28:42]} 35. Rc1 {[%clk 0:09:45]} Nxh2 {[%clk 0:26:31]} 36. Rc8+
{[%clk 0:09:47]} Kh7 {[%clk 0:26:38]} 37. Ne4 {[%clk 0:09:08]} Nf3
{[%clk 0:26:09]} 0-1

[Event "George Trundle Reserves 2016"]
[Site "Auckland"]
[Date "2016.07.13"]
[Round "5.4"]
[White "Punsalan, Vyanla M"]
[Black "Braganza, Nadia"]
[Result "1-0"]
[LiveChessVersion "1.4.8"]
[BlackElo "1358"]
[WhiteElo "1649"]

1. d4 {[%clk 1:30:51]} Nf6 {[%clk 1:30:45]} 2. Nf3 {[%clk 1:30:48]} g6
{[%clk 1:30:48]} 3. g3 {[%clk 1:30:46]} Bg7 {[%clk 1:30:44]} 4. Bg2
{[%clk 1:30:47]} O-O {[%clk 1:30:25]} 5. c3 {[%clk 1:30:34]} d5 {[%clk 1:30:15]}
6. Nbd2 {[%clk 1:30:20]} Nc6 {[%clk 1:24:03]} 7. O-O {[%clk 1:26:57]} Bf5
{[%clk 1:22:54]} 8. Nh4 {[%clk 1:25:20]} Qd7 {[%clk 1:20:55]} 9. f3
{[%clk 1:21:02]} Bh3 {[%clk 1:15:44]} 10. Nb3 {[%clk 1:17:04]} b6
{[%clk 1:11:24]} 11. Re1 {[%clk 1:15:44]} h6 {[%clk 1:01:25]} 12. e4
{[%clk 1:13:48]} g5 {[%clk 0:53:48]} 13. Bxh3 {[%clk 1:10:13]} Qxh3
{[%clk 0:53:55]} 14. Ng2 {[%clk 1:09:17]} dxe4 {[%clk 0:53:10]} 15. Ne3
{[%clk 1:05:10]} exf3 {[%clk 0:36:35]} 16. Qxf3 {[%clk 1:04:51]} Qd7
{[%clk 0:32:41]} 17. Nf5 {[%clk 1:02:06]} Nd5 {[%clk 0:28:38]} 18. a3
{[%clk 0:52:51]} e6 {[%clk 0:26:18]} 19. Nxg7 {[%clk 0:51:47]} Kxg7
{[%clk 0:26:35]} 20. h4 {[%clk 0:50:44]} f6 {[%clk 0:21:53]} 21. Bd2
{[%clk 0:46:36]} Rae8 {[%clk 0:19:42]} 22. c4 {[%clk 0:45:22]} Nde7
{[%clk 0:18:49]} 23. Bc3 {[%clk 0:44:46]} Nf5 {[%clk 0:17:23]} 24. Rad1
{[%clk 0:44:08]} Nd8 {[%clk 0:15:21]} 25. d5 {[%clk 0:41:54]} e5 {[%clk 0:14:23]}
26. Rf1 {[%clk 0:41:42]} Ne7 {[%clk 0:12:16]} 27. Nd2 {[%clk 0:39:04]} Qh3
{[%clk 0:08:51]} 28. d6 {[%clk 0:36:41]} cxd6 {[%clk 0:07:19]} 29. Ne4
{[%clk 0:36:52]} Ndc6 {[%clk 0:05:00]} 30. Rxd6 {[%clk 0:29:31]} f5
{[%clk 0:03:09]} 31. Nf2 {[%clk 0:29:34]} g4 {[%clk 0:01:42]} 32. Qd3
{[%clk 0:29:47]} Qxf1+ {[%clk 0:01:14]} 33. Kxf1 {[%clk 0:29:48]} Kg8
{[%clk 0:01:33]} 34. Kg1 {[%clk 0:29:24]} e4 {[%clk 0:01:45]} 35. Nxe4
{[%clk 0:29:23]} fxe4 {[%clk 0:02:05]} 36. Qxe4 {[%clk 0:29:39]} Nf5
{[%clk 0:00:43]} 37. Qxg4+ {[%clk 0:29:38]} Kh7 {[%clk 0:00:50]} 38. Qg6#
{[%clk 0:29:59]} 1-0

[Event "George Trundle Reserves 2016"]
[Site "Auckland"]
[Date "2016.07.13"]
[Round "5.5"]
[White "Mukkattu, Philip"]
[Black "Lyall, Simon"]
[Result "1-0"]
[LiveChessVersion "1.4.8"]
[BlackElo "1762"]
[WhiteElo "1658"]

1. d4 {[%clk 1:30:50]} d5 {[%clk 1:30:56]} 2. c4 {[%clk 1:31:16]} c6
{[%clk 1:31:23]} 3. Nc3 {[%clk 1:31:29]} Nf6 {[%clk 1:31:47]} 4. Nf3
{[%clk 1:30:59]} dxc4 {[%clk 1:32:06]} 5. e4 {[%clk 1:31:13]} b5 {[%clk 1:32:27]}
6. a4 {[%clk 1:27:59]} b4 {[%clk 1:29:12]} 7. e5 {[%clk 1:27:46]} Nd5
{[%clk 1:24:31]} 8. Ne4 {[%clk 1:25:21]} e6 {[%clk 1:05:21]} 9. Bxc4
{[%clk 1:21:37]} Ba6 {[%clk 0:51:19]} 10. b3 {[%clk 1:20:23]} Bxc4
{[%clk 0:42:01]} 11. bxc4 {[%clk 1:20:47]} Nb6 {[%clk 0:41:49]} 12. Qb3
{[%clk 1:20:06]} a5 {[%clk 0:41:17]} 13. O-O {[%clk 1:19:22]} h6 {[%clk 0:39:47]}
14. Rd1 {[%clk 1:18:49]} N8d7 {[%clk 0:39:14]} 15. Bb2 {[%clk 1:14:34]} Be7
{[%clk 0:35:27]} 16. c5 {[%clk 1:14:43]} Nd5 {[%clk 0:34:53]} 17. Nd6+
{[%clk 1:15:04]} Kf8 {[%clk 0:33:34]} 18. Nd2 {[%clk 1:11:16]} f5
{[%clk 0:30:20]} 19. N2c4 {[%clk 1:07:04]} g5 {[%clk 0:24:46]} 20. g4
{[%clk 1:03:41]} f4 {[%clk 0:23:01]} 21. Qd3 {[%clk 1:03:49]} Kg7
{[%clk 0:23:02]} 22. Qh3 {[%clk 0:52:45]} h5 {[%clk 0:18:01]} 23. gxh5
{[%clk 0:50:03]} Rh6 {[%clk 0:18:24]} 24. Nd2 {[%clk 0:29:05]} Qh8
{[%clk 0:15:56]} 25. Nf3 {[%clk 0:29:29]} Nf8 {[%clk 0:15:00]} 26. Qg4
{[%clk 0:25:35]} Rxh5 {[%clk 0:14:08]} 27. Kg2 {[%clk 0:25:25]} Nc7
{[%clk 0:06:57]} 28. Bc1 {[%clk 0:22:25]} Ng6 {[%clk 0:07:01]} 29. Rh1
{[%clk 0:17:46]} Nh4+ {[%clk 0:04:48]} 30. Nxh4 {[%clk 0:17:26]} Rxh4
{[%clk 0:05:10]} 31. Qf3 {[%clk 0:17:32]} Rh3 {[%clk 0:04:54]} 32. Qxc6
{[%clk 0:14:31]} f3+ {[%clk 0:04:42]} 33. Kf1 {[%clk 0:11:34]} Qh7
{[%clk 0:01:38]} 34. Qe4 {[%clk 0:09:28]} Rxh2 {[%clk 0:00:42]} 35. Rxh2
{[%clk 0:08:59]} Qxh2 {[%clk 0:01:01]} 36. Qxf3 {[%clk 0:08:58]} Rf8
{[%clk 0:00:37]} 37. Qg2 {[%clk 0:08:33]} Qh5 {[%clk 0:00:50]} 38. Bd2
{[%clk 0:07:54]} Nd5 {[%clk 0:01:03]} 39. Ne4 {[%clk 0:06:45]} Kg6
{[%clk 0:00:42]} 40. Rb1 {[%clk 0:34:27]} Nf4 {[%clk 0:30:44]} 41. Bxf4
{[%clk 0:33:40]} Rxf4 {[%clk 0:31:06]} 42. c6 {[%clk 0:30:39]} Bd8
{[%clk 0:27:47]} 43. Ng3 {[%clk 0:26:51]} Qh4 {[%clk 0:21:25]} 44. Ne2
{[%clk 0:24:52]} Rxd4 {[%clk 0:16:31]} 45. Nxd4 {[%clk 0:24:13]} Qxd4
{[%clk 0:16:59]} 46. Qf3 {[%clk 0:21:08]} Qxe5 {[%clk 0:13:14]} 47. Qd3+
{[%clk 0:20:28]} Qf5 {[%clk 0:13:12]} 48. Qxf5+ {[%clk 0:20:55]} Kxf5
{[%clk 0:11:09]} 49. Rd1 {[%clk 0:21:14]} Bb6 {[%clk 0:07:40]} 50. f3
{[%clk 0:20:44]} Ke5 {[%clk 0:06:30]} 51. Ke2 {[%clk 0:21:00]} b3
{[%clk 0:05:51]} 52. Rd3 {[%clk 0:20:12]} b2 {[%clk 0:05:37]} 53. Rb3
{[%clk 0:20:23]} Bc7 {[%clk 0:05:29]} 54. Rxb2 {[%clk 0:19:58]} Kd6
{[%clk 0:05:46]} 55. Rc2 {[%clk 0:19:57]} Bb6 {[%clk 0:05:10]} 56. Kf1
{[%clk 0:19:26]} Bc7 {[%clk 0:04:50]} 57. Kg2 {[%clk 0:19:51]} Bb6
{[%clk 0:04:49]} 58. Kg3 {[%clk 0:20:11]} Kc7 {[%clk 0:05:06]} 59. Kg4
{[%clk 0:20:25]} Be3 {[%clk 0:05:17]} 60. Kh5 {[%clk 0:20:21]} Bf4
{[%clk 0:04:59]} 61. Kg6 {[%clk 0:20:12]} Kc8 {[%clk 0:04:47]} 62. Kf6
{[%clk 0:20:05]} Be3 {[%clk 0:02:05]} 63. Kxe6 {[%clk 0:20:10]} Kc7
{[%clk 0:00:55]} 64. Re2 {[%clk 0:19:56]} Bf4 {[%clk 0:01:10]} 65. Kd5
{[%clk 0:20:11]} Kb6 {[%clk 0:01:09]} 66. Re7 {[%clk 0:19:15]} Bc7
{[%clk 0:00:48]} 67. Rg7 {[%clk 0:19:10]} Bf4 {[%clk 0:00:37]} 68. Rb7+
{[%clk 0:18:43]} Ka6 {[%clk 0:00:59]} 69. Kc5 {[%clk 0:18:50]} Be5
{[%clk 0:00:52]} 70. Kd5 {[%clk 0:18:09]} Bf4 {[%clk 0:01:11]} 71. Ke6
{[%clk 0:18:11]} Be3 {[%clk 0:00:37]} 72. Kd7 {[%clk 0:18:35]} g4
{[%clk 0:00:45]} 73. fxg4 {[%clk 0:18:27]} Bf4 {[%clk 0:01:08]} 74. Rb1 1-0